000 00497nam a2200133 a 4500
008 120416s2002 ||||||||||||||||| || u
050 _aIBRD(08)TP
100 _aPswarayi-Riddihough, Idah
245 1 0 _aForestry in the Middle East and North Africa
246 _aan implementation review
260 _aWashington, D.C.
_bWorld Bank
_c2002
350 _a0.00
995 _D0.00
_FCBU-MAIN LIBRARY (Kitwe)
_H1
_I0.00
_UAVAILABLE
_ZInternational Publications
999 _c43798
_d43798